Erika Garibaldína /

Hlavní autor: Vittorini, Elio, 1908-1966
Další autoři: Mikulajová, Eva
Jazyk: Slovenština
Vydáno: Bratislava : Tatran, 1966
Vydání: 1. vyd.
Edice: LUK (Tatran)
Fyzický popis: 250 s.
Knihy
Uloženo v:
LEADER 00894nam a22002772a 4500
001 000949274
003 CZ BrMZK
005 20090923092005.0
007 ta
008 090624s1966 xo er|||||||||||slo d
040 |a BOA001  |b cze 
041 1 |a slo  |h ita 
100 1 |a Vittorini, Elio,  |d 1908-1966  |7 ola2003172314  |4 aut 
245 1 0 |a Erika Garibaldína /  |c Elio Vittorini ; preložila Eva Mikulajová ; doslov napísal Mikuláš Pažitka 
250 |a 1. vyd. 
260 |a Bratislava :  |b Tatran,  |c 1966 
300 |a 250 s. 
490 1 |a Luk ;  |v zv. 12 
500 |a Přeloženo z italštiny 
700 1 |a Mikulajová, Eva  |7 xx0033453  |4 trl 
765 0 |t Erica e i suoi fratelli, La Garibaldina  |9 Slovensky 
830 0 |a LUK (Tatran) 
910 |a BOA001  |b 1-0572.587 
990 |a BK 
991 |b 200906 
996 7 |b 2619472874  |c 1-0572.587  |l MZK  |r Sklad / do 1 hodiny  |n 0  |w 000949274  |u 000010  |a 1  |e BOA001  |j MZK50  |s A